00633nam a22002052 450000100060000000300080000600500170001400800410003103500190007204000270009104100080011808200210012610000220014724501060016926000310027530000340030650400370034065000250037765000250040216225BD-RjUL20211208235959.0140211s1963 enka b 001 0 eng u a(BD-RjUL)16280 cCSUdBD-RjULaCSUbeng aeng00a669.94bLER 19631 aLeymonie, Claude.10aRadioactive tracers in physical metallurgy /cForeword by P. Lacombe. Translated by Vernon Griffiths. aLondon :bChapman,cc1963. axiv, 208p. :billus. ;c23cm. aIncludes bibliography and index. 0aPhysical metallurgy. 0aRadioactive tracers.